| 000 | 00000nam 2200000za 4500 |
| 001 | 9.608246 |
| 003 | CaOODSP |
| 005 | 20210624213530 |
| 007 | cr ||||||||||| |
| 008 | 150406s2005||||xxc|||||o f|0| 0 fre d |
| 040 | |aCaOODSP|bfre |
| 043 | |an-cn--- |
| 086 | 1 |aSC102-2/34-2005F-MP3 |
| 110 | 2 |aÉcole de la fonction publique du Canada. |
| 245 | 10|aProposer des solutions à un problème. Fichier audio |h[ressource électronique] |
| 260 | |aOttawa - Ontario : |bÉcole de la fonction publique du Canada |
| 300 | |aDurée : 00:05:11 |
| 490 | 1 |aProgramme de français langue seconde - Niveaux A et B. Fichier audio |vObjectif de formation 34, 2005 |
| 500 | |aTitre de l'édition imprimée et du catalogueur. Fichiers audio qui accompagnent la version imprimée (SC102-2/34-2005F) et électronique (SC102-2/34-2005F-PDF) de ce titre. Comprend des activités de mise en train et de performance. |
| 590 | |a15-01-Supp|b2015-01-26 |
| 830 | #0|aProgramme de français langue seconde - Niveaux A et B. Fichier audio ;|vObjectif de formation 34, 2005|w(CaOODSP)9.504304 |
| 856 | 40|qMP3|s3870 Ko|uhttps://publications.gc.ca/collections/collection_2015/efpc-csps/SC102-2-34-15-2005-fra.mp3|zObjectif 34 Activité 15 |
| 856 | 40|qMP3|s1756 Ko|uhttps://publications.gc.ca/collections/collection_2015/efpc-csps/SC102-2-34-1-2005-fra.mp3|zObjectif 34 Activité 1 |
| 856 | 40|qMP3|s4082 Ko|uhttps://publications.gc.ca/collections/collection_2015/efpc-csps/SC102-2-34-4-2005-fra.mp3|zObjectif 34 Activité 4 |